| 000 | 01113nam a2200277 a 4500 | ||
|---|---|---|---|
| 001 | ASIN0226449556 | ||
| 005 | 20170105102931.0 | ||
| 008 | 140410s1983 xxu eng d | ||
| 020 |
_a0226449556 (paperback) _c$12.50 |
||
| 020 | _a9780226449555 (paperback) | ||
| 040 | _a0 | ||
| 050 | 0 | 4 | _aE185.615 |
| 082 | 0 | 4 |
_a305.800973 _bKOC 1983 |
| 100 | 1 | _aKochman, Thomas. | |
| 245 | 1 | 0 |
_aBlack and white styles in conflict / _cThomas Kochman. |
| 250 | _aReprint ed. | ||
| 260 |
_a[S.l.] : _bUniversity of Chicago Press, _c1983. |
||
| 300 |
_a184 p. ; _c22 cm. |
||
| 520 | _a"Goes a long way toward showing a lay audience the value, integrity, and aesthetic sensibility of black culture, and moreover the conflicts which arise when its values are treated as deviant version of majority ones."—Marjorie Harness Goodwin, American Ethnologist. | ||
| 650 | 0 | _aAfrican Americans--Communication | |
| 650 | 0 | _aIntercultural communication | |
| 650 | 0 | _aRace relations | |
| 650 | 0 | _aUnited States | |
| 856 | 4 | 0 |
_3Amazon.com _uhttp://www.amazon.com/exec/obidos/ASIN/0226449556/chopaconline-20 |
| 942 |
_2ddc _cBK |
||
| 999 |
_c16061 _d16061 |
||